[Event "FIDE World Blitz-ch Women 2018"]
[Site "St. Petersburg"]
[Date "2018.12.29"]
[Round "4.6"]
[White "Guichard, Pauline"]
[Black "Zhao, Xue"]
[Result "1/2-1/2"]
[WhiteElo "2378"]
[BlackElo "2485"]
[Annotator "ChessBase"]
[PlyCount "152"]
[EventDate "2018.12.19"]
[EventType "swiss"]
[EventCountry "RUS"]
[SourceTitle "playchess.com"]
[Source "ChessBase"]
[SourceQuality "1"]

1. d4 Nf6 2. Nf3 e6 3. Bf4 d5 4. e3 c5 5. Be2 Nc6 6. O-O Bd6 7. dxc5 Bxc5 8. c4 O-O 9. Nc3 a6 10. cxd5 exd5 11. Bg5 Be6 12. Qa4 h6 13. Bh4 Be7 14. Rfd1 Rc8 15. Rac1 Qb6 16. Rd2 Rfe8 17. Rcd1 Ne4 18. Nxe4 dxe4 19. Qxe4 Bxa2 20. Bxe7 Rxe7 21. Qg4 Be6 22. Qg3 Bb3 23. Rc1 Rec7 24. h4 Qb4 25. Rc3 Be6 26. Nd4 Nxd4 27. Rxd4 Qe7 28. Rxc7 Rxc7 29. Qe5 Rc2 30. Bd3 Rc1+ 31. Kh2 Rc8 32. Qe4 Qc7+ 33. g3 g6 34. h5 Bf5 35. Qd5 Bxd3 36. Rxd3 g5 37. Rb3 b5 38. Rc3 Qb8 39. Rc6 Rxc6 40. Qxc6 Kg7 41. Qxa6 Qe5 42. Qa3 Qf5 43. Qc3+ Kh7 44. Qd2 g4 45. Kg1 Qxh5 46. Qd3+ Kg7 47. Qd4+ Kg8 48. b4 Qf5 49. Qd8+ Kh7 50. Qd4 h5 51. e4 Qg5 52. e5 Qf5 53. Qd5 Kg6 54. Qxb5 Qb1+ 55. Kh2 Qe4 56. Qc5 h4 57. gxh4 Qf4+ 58. Kg1 g3 59. Qe3 gxf2+ 60. Qxf2 Qxb4 61. Qf6+ Kh7 62. Qxf7+ Kh6 63. Qf6+ Kh7 64. Qf5+ Kh6 65. Qg5+ Kh7 66. Kg2 Qe4+ 67. Kh3 Qf3+ 68. Qg3 Qh1+ 69. Kg4 Qe4+ 70. Qf4 Qg2+ 71. Qg3 Qe4+ 72. Kh3 Qh1+ 73. Kg4 Qe4+ 74. Kh3 Qh1+ 75. Qh2 Qf3+ 76. Qg3 Qh1+ 1/2-1/2

[Event "FIDE World Blitz-ch Women 2018"]
[Site "St. Petersburg"]
[Date "2018.12.29"]
[Round "4.7"]
[White "Tan, Zhongyi"]
[Black "Mamedjarova, Turkan"]
[Result "1-0"]
[WhiteElo "2508"]
[BlackElo "2295"]
[Annotator "ChessBase"]
[PlyCount "155"]
[EventDate "2018.12.19"]
[EventType "swiss"]
[EventCountry "RUS"]
[SourceTitle "playchess.com"]
[Source "ChessBase"]
[SourceQuality "1"]

1. d4 d5 2. c4 e6 3. Nc3 Nf6 4. Bg5 Be7 5. e3 O-O 6. Nf3 c6 7. Rc1 Nbd7 8. Bd3 dxc4 9. Bxc4 Nd5 10. Bxe7 Qxe7 11. O-O Nxc3 12. Rxc3 e5 13. Bb3 e4 14. Nd2 Nb6 15. Qc2 Re8 16. Rc5 Qh4 17. f3 exf3 18. Nxf3 Qe7 19. Ne5 Be6 20. Rxf7 Bxf7 21. Bxf7+ Kh8 22. Qf5 Qh4 23. Nf3 Qh6 24. Bxe8 Qxe3+ 25. Kh1 Rxe8 26. h3 Nd5 27. Ne5 Qxd4 28. Nf7+ Kg8 29. Rc1 Qf6 30. Qxf6 gxf6 31. Nd6 Re7 32. Nf5 Re2 33. b3 Rxa2 34. Re1 Kf7 35. Nd6+ Kg6 36. Nxb7 Rb2 37. Na5 c5 38. Rc1 Nf4 39. Rc4 Kg5 40. Rxc5+ Kh4 41. Rc4 Kg3 42. Rc3+ Kh4 43. g3+ Kxh3 44. gxf4+ Kg4 45. Nc6 a6 46. Nd4 Kxf4 47. Rh3 Ke4 48. Ne6 f5 49. Nc5+ Kd5 50. Nxa6 f4 51. Kg1 Ke4 52. Nc5+ Kd4 53. Ne6+ Ke4 54. Ng5+ Kd4 55. Nxh7 Ke4 56. Ng5+ Kf5 57. Nf7 Kg4 58. Rc3 Rb1+ 59. Kf2 Rb2+ 60. Ke1 Kf5 61. Nd6+ Kg4 62. Nc4 Ra2 63. Ne5+ Kf5 64. Nf3 Ke4 65. Nd2+ Kd4 66. Rf3 Ke5 67. Ke2 Ra8 68. Rh3 Rg8 69. Rh5+ Kd4 70. Rh2 Kc3 71. Rh3+ Kd4 72. Rd3+ Kc5 73. Ne4+ Kb4 74. Nd2 Rg2+ 75. Kf3 Rg3+ 76. Ke4 Rg4 77. Kf5 Rg3 78. Rd4+ 1-0

[Event "FIDE World Blitz-ch Women 2018"]
[Site "St. Petersburg"]
[Date "2018.12.29"]
[Round "4.8"]
[White "Gunina, Valentina"]
[Black "Voit, Daria"]
[Result "1-0"]
[WhiteElo "2496"]
[BlackElo "2358"]
[Annotator "ChessBase"]
[PlyCount "57"]
[EventDate "2018.12.19"]
[EventType "swiss"]
[EventCountry "RUS"]
[SourceTitle "playchess.com"]
[Source "ChessBase"]
[SourceQuality "1"]

1. d4 Nf6 2. c4 e6 3. Nf3 Bb4+ 4. Bd2 c5 5. Bxb4 cxb4 6. g3 O-O 7. Bg2 d6 8. O-O Qc7 9. Qb3 a5 10. a3 Na6 11. Nbd2 e5 12. Rac1 Bg4 13. h3 Bxf3 14. Nxf3 Rfe8 15. e3 Rac8 16. Rfd1 b6 17. Qa4 exd4 18. Nxd4 Nc5 19. Qc2 Red8 20. axb4 axb4 21. Nb5 Qe7 22. Ra1 Qe6 23. Ra7 d5 24. Nd4 Qe5 25. cxd5 Nxd5 26. Nc6 Rxc6 27. Rxd5 Qb8 28. Rxd8+ Qxd8 29. Bxc6 1-0

[Event "FIDE World Blitz-ch Women 2018"]
[Site "St. Petersburg"]
[Date "2018.12.29"]
[Round "4.9"]
[White "Cramling, Pia"]
[Black "Protopopova, Anastasiya"]
[Result "0-1"]
[WhiteElo "2465"]
[BlackElo "2304"]
[Annotator "ChessBase"]
[PlyCount "79"]
[EventDate "2018.12.19"]
[EventType "swiss"]
[EventCountry "RUS"]
[SourceTitle "playchess.com"]
[Source "ChessBase"]
[SourceQuality "1"]

1. Nf3 d5 2. d4 Nf6 3. c4 c6 4. Qb3 dxc4 5. Qxc4 Bf5 6. g3 e6 7. Bg2 Be7 8. O-O O-O 9. e3 Nbd7 10. Qe2 Re8 11. Rd1 Qc7 12. Nc3 Ne4 13. Ne1 Nxc3 14. bxc3 e5 15. e4 Bg6 16. Nd3 Bf6 17. Bb2 Nb6 18. Nc5 Rad8 19. Rab1 h6 20. Ba1 Rb8 21. a4 a5 22. Bb2 exd4 23. cxd4 Nd7 24. Nxd7 Qxd7 25. Bc3 b6 26. Rbc1 Re7 27. e5 Ree8 28. Bb2 Rbc8 29. Qc4 Be7 30. Bxc6 Qg4 31. Qf1 Red8 32. Bb7 Rb8 33. Bg2 Bb4 34. d5 h5 35. h4 Bf5 36. Rc6 Bc5 37. Kh2 Qb4 38. Bc1 Bd7 39. Rc7 Bxa4 40. Re1 0-1

[Event "FIDE World Blitz-ch Women 2018"]
[Site "St. Petersburg"]
[Date "2018.12.29"]
[Round "4.10"]
[White "Vo, Thi Kim Phung"]
[Black "Dzagnidze, Nana"]
[Result "1-0"]
[WhiteElo "2352"]
[BlackElo "2513"]
[Annotator "ChessBase"]
[PlyCount "185"]
[EventDate "2018.12.19"]
[EventType "swiss"]
[EventCountry "RUS"]
[SourceTitle "playchess.com"]
[Source "ChessBase"]
[SourceQuality "1"]

1. d4 Nf6 2. c4 e6 3. Nc3 Bb4 4. Qc2 O-O 5. Nf3 d5 6. cxd5 Qxd5 7. e3 c5 8. Bd2 Qh5 9. Be2 cxd4 10. Nxd4 Qg6 11. Qxg6 hxg6 12. Ndb5 Nc6 13. a3 Be7 14. Bf3 Bd7 15. O-O a6 16. Nd4 Rfc8 17. Rac1 Nxd4 18. exd4 Bc6 19. Be2 Ne4 20. Nxe4 Bxe4 21. Be3 Bd6 22. f3 Bd5 23. Kf2 Kf8 24. g3 Ke7 25. h4 Kd7 26. Rh1 Rxc1 27. Rxc1 Rh8 28. f4 Bb8 29. Bd3 Ba7 30. Be2 Kd6 31. Ke1 f6 32. Kd2 Rd8 33. Bd3 f5 34. Be2 Bc6 35. Ke1 Ke7 36. Rd1 Be4 37. Kf2 Rc8 38. Rd2 Kd6 39. Bd1 Rc1 40. Ke2 Bd5 41. Kf2 Rb1 42. Ke2 Be4 43. Kf2 Bd5 44. Ke2 Bb6 45. Kf2 Ba5 46. b4 Bb6 47. Be2 Ra1 48. Rd3 Ra2 49. Rc3 Bc6 50. Ke1 Kd7 51. Bc4 Rh2 52. Bg1 Rg2 53. Bf2 Rxf2 54. Kxf2 Bxd4+ 55. Re3 Kd6 56. Ke2 Bxe3 57. Kxe3 Bd5 58. Bd3 e5 59. fxe5+ Kxe5 60. Be2 Be4 61. Bc4 Bd5 62. Be2 Bb3 63. Bd3 Be6 64. Be2 Bd5 65. Bd3 Be4 66. Bc4 Bd5 67. Bd3 Be6 68. Be2 Bd5 69. Bd3 Bc6 70. Bc4 f4+ 71. gxf4+ Kf5 72. Bd3+ Kg4 73. Bxg6 Kxh4 74. Kd4 Kg4 75. Ke5 Bg2 76. Bf5+ Kg3 77. Bd7 Bf3 78. a4 Bg2 79. Bc8 Bf3 80. Be6 Bg2 81. f5 Kh4 82. f6 gxf6+ 83. Kxf6 Kg3 84. Ke5 Kf2 85. Bd5 Bxd5 86. Kxd5 Ke3 87. Kc5 Kd3 88. b5 a5 89. Kb6 Kc4 90. Kxb7 Kb4 91. Ka6 Kxa4 92. b6 Ka3 93. Kxa5 1-0

[Event "FIDE World Blitz-ch Women 2018"]
[Site "St. Petersburg"]
[Date "2018.12.29"]
[Round "4.11"]
[White "Gaponenko, Inna"]
[Black "Muzychuk, Anna"]
[Result "1/2-1/2"]
[WhiteElo "2420"]
[BlackElo "2569"]
[Annotator "ChessBase"]
[PlyCount "65"]
[EventDate "2018.12.19"]
[EventType "swiss"]
[EventCountry "RUS"]
[SourceTitle "playchess.com"]
[Source "ChessBase"]
[SourceQuality "1"]

1. e4 c5 2. c3 d5 3. exd5 Qxd5 4. d4 Nf6 5. Nf3 e6 6. Bd3 Be7 7. O-O O-O 8. Qe2 Rd8 9. Rd1 b6 10. Bg5 Bb7 11. c4 Qd6 12. dxc5 Qxc5 13. Nc3 Nbd7 14. Ne4 Nxe4 15. Bxe7 Qxe7 16. Bxe4 Nc5 17. Bxb7 Qxb7 18. Rxd8+ Rxd8 19. Rd1 Rxd1+ 20. Qxd1 h6 21. b4 Ne4 22. Qd4 f6 23. Nd2 Nxd2 24. Qxd2 Qe4 25. Qc1 Qc6 26. h3 Kf7 27. c5 bxc5 28. bxc5 Ke7 29. Qc2 Kf7 30. Qc3 Ke7 31. Qc2 Kf7 32. Qc3 Ke7 33. Qc2 1/2-1/2

[Event "FIDE World Blitz-ch Women 2018"]
[Site "St. Petersburg"]
[Date "2018.12.29"]
[Round "4.12"]
[White "Arutyunova, Diana"]
[Black "Stefanova, Antoaneta"]
[Result "1/2-1/2"]
[WhiteElo "2227"]
[BlackElo "2486"]
[Annotator "ChessBase"]
[PlyCount "85"]
[EventDate "2018.12.19"]
[EventType "swiss"]
[EventCountry "RUS"]
[SourceTitle "playchess.com"]
[Source "ChessBase"]
[SourceQuality "1"]

1. e4 c6 2. d4 d5 3. Nc3 dxe4 4. Nxe4 Nf6 5. Nxf6+ exf6 6. Nf3 Bd6 7. Be2 O-O 8. O-O Re8 9. c4 Nd7 10. Be3 Nf8 11. Qd2 Ng6 12. Rfe1 Bf5 13. Bf1 Qd7 14. h3 Rad8 15. Rad1 Bb8 16. Nh2 Qc7 17. g3 h5 18. f4 Be4 19. h4 Nf8 20. Qf2 f5 21. Be2 g6 22. Nf3 Nd7 23. Ne5 Nf6 24. Bf1 Ng4 25. Nxg4 hxg4 26. Bg2 Bxg2 27. Kxg2 Re4 28. Rh1 Rde8 29. Rde1 Qe7 30. Bd2 a6 31. Bc3 Ba7 32. h5 Re2 33. Rxe2 Qxe2 34. hxg6 fxg6 35. Re1 Qxf2+ 36. Kxf2 Rd8 37. Ke3 Kf7 38. Kd3 Rh8 39. d5 Rh3 40. d6 Rxg3+ 41. Kc2 Bb6 42. Re7+ Kf8 43. Rxb7 1/2-1/2

[Event "FIDE World Blitz-ch Women 2018"]
[Site "St. Petersburg"]
[Date "2018.12.29"]
[Round "4.13"]
[White "Lei, Tingjie"]
[Black "Atalik, Ekaterina"]
[Result "1-0"]
[WhiteElo "2453"]
[BlackElo "2447"]
[Annotator "ChessBase"]
[PlyCount "83"]
[EventDate "2018.12.19"]
[EventType "swiss"]
[EventCountry "RUS"]
[SourceTitle "playchess.com"]
[Source "ChessBase"]
[SourceQuality "1"]

1. e4 c6 2. d4 d5 3. e5 Bf5 4. Nf3 e6 5. Be2 Ne7 6. O-O Nd7 7. Nbd2 c5 8. Nb3 Nc6 9. c3 h6 10. Be3 g5 11. Nxc5 Nxc5 12. dxc5 Bg7 13. Nd4 Bxe5 14. Nxf5 exf5 15. f4 gxf4 16. Bxf4 Qc7 17. Bxe5 Qxe5 18. Bd3 O-O-O 19. Qe1 Qg7 20. Rxf5 Rhg8 21. Qf2 Ne5 22. Bf1 Rde8 23. h3 Qg6 24. Rd1 Qc6 25. b4 Rg6 26. b5 Qc7 27. Rxd5 Rge6 28. b6 axb6 29. cxb6 Qe7 30. Rc5+ Kb8 31. a4 Qd6 32. a5 Nd3 33. Bxd3 Qxd3 34. Rxf7 Re1+ 35. Kh2 R1e2 36. Qg3+ Qxg3+ 37. Kxg3 Rg8+ 38. Kh4 Rexg2 39. Rcf5 Kc8 40. Rc7+ Kd8 41. Rxb7 R8g6 42. Rf8# 1-0

[Event "FIDE World Blitz-ch Women 2018"]
[Site "St. Petersburg"]
[Date "2018.12.29"]
[Round "4.14"]
[White "Murashova, Ekaterina"]
[Black "Michna, Marta"]
[Result "0-1"]
[WhiteElo "2259"]
[BlackElo "2333"]
[Annotator "NA"]
[PlyCount "94"]
[EventDate "2018.12.19"]
[EventType "swiss"]
[EventCountry "RUS"]
[SourceTitle "playchess.com"]
[Source "ChessBase"]
[SourceQuality "1"]

1. e4 d6 2. d4 Nf6 3. Nc3 Nc6 4. Nge2 e5 5. f3 Be7 6. Be3 O-O 7. Qd2 a6 8. d5 Nb8 9. g4 c6 10. Ng3 cxd5 11. exd5 b5 12. a4 b4 13. Nce4 Nxe4 14. Nxe4 Bh4+ 15. Bf2 a5 16. g5 Bxf2+ 17. Qxf2 Bf5 18. Bd3 Bxe4 19. Bxe4 Nd7 20. Rg1 Nc5 21. Bxh7+ Kxh7 22. Qh4+ Kg6 23. O-O-O Rh8 24. Qg3 Qd7 25. b3 Qf5 26. Rd2 Rh3 27. Qe1 Rah8 28. Rgg2 R8h4 29. Qe2 Rf4 30. Qb5 Rfxf3 31. Qb6 Qd7 32. Qxa5 Rxb3 33. Rgf2 Rbc3 34. Qxb4 Nb3+ 35. Kb2 Nxd2 36. Rxd2 Rhe3 37. Rf2 e4 38. h4 Qe7 39. Qd4 Rf3 40. Re2 Qb7+ 41. Kc1 Rf1+ 42. Kd2 Rcf3 43. Qxe4+ Kh5 44. Qh7+ Kg4 45. Re4+ Kg3 46. Qh5 R1f2+ 47. Kd1 Qb1# 0-1

[Event "FIDE World Blitz-ch Women 2018"]
[Site "St. Petersburg"]
[Date "2018.12.29"]
[Round "4.15"]
[White "Goryachkina, Aleksandra"]
[Black "Mirzoeva, Elmira"]
[Result "1-0"]
[WhiteElo "2518"]
[BlackElo "2281"]
[Annotator "TA"]
[PlyCount "55"]
[EventDate "2018.12.19"]
[EventType "swiss"]
[EventCountry "RUS"]
[SourceTitle "playchess.com"]
[Source "ChessBase"]
[SourceQuality "1"]

1. e4 d6 2. d4 Nf6 3. Nc3 Nbd7 4. Nf3 e5 5. a4 Be7 6. Bc4 O-O 7. O-O a5 8. Re1 c6 9. Bb3 exd4 10. Nxd4 Nc5 11. h3 Nxb3 12. cxb3 Re8 13. Bf4 Bf8 14. Qf3 Qb6 15. Rad1 Bd7 16. Bg5 Be7 17. Be3 Qc7 18. Nce2 Rad8 19. Bf4 Bc8 20. Ng3 g6 21. Bg5 Nd7 22. Bxe7 Rxe7 23. Ngf5 Ne5 24. Nxe7+ Qxe7 25. Qg3 Be6 26. Nxe6 Qxe6 27. Rd2 Rd7 28. f4 1-0

[Event "FIDE World Blitz-ch Women 2018"]
[Site "St. Petersburg"]
[Date "2018.12.29"]
[Round "4.16"]
[White "Galliamova, Alisa"]
[Black "Gevorgyan, Maria"]
[Result "0-1"]
[WhiteElo "2444"]
[BlackElo "2228"]
[Annotator "NA"]
[PlyCount "70"]
[EventDate "2018.12.19"]
[EventType "swiss"]
[EventCountry "RUS"]
[SourceTitle "playchess.com"]
[Source "ChessBase"]
[SourceQuality "1"]

1. Nf3 d5 2. g3 Nf6 3. Bg2 e6 4. O-O Be7 5. b3 c5 6. d4 Nc6 7. e3 b6 8. Bb2 Ba6 9. Re1 Rc8 10. a3 O-O 11. Nbd2 Bb7 12. c4 Na5 13. cxd5 Nxd5 14. e4 Nf6 15. dxc5 bxc5 16. Qc2 h6 17. Ne5 Qc7 18. Ndc4 Rfd8 19. Nxa5 Qxa5 20. Nc4 Qc7 21. Be5 Qd7 22. Rad1 Qb5 23. a4 Qe8 24. Nd6 Bxd6 25. Bxd6 e5 26. Bxc5 Rxd1 27. Rxd1 Qc6 28. b4 a5 29. Qb3 Ra8 30. Rd6 Qc7 31. Rd1 Nxe4 32. Be3 Nf6 33. Bxb7 Qxb7 34. b5 Qf3 35. Qd5 Qxd5 0-1

[Event "FIDE World Blitz-ch Women 2018"]
[Site "St. Petersburg"]
[Date "2018.12.29"]
[Round "4.17"]
[White "Shvayger, Yuliya"]
[Black "Buksa, Nataliya"]
[Result "0-1"]
[WhiteElo "2393"]
[BlackElo "2410"]
[Annotator "NA"]
[PlyCount "148"]
[EventDate "2018.12.19"]
[EventType "swiss"]
[EventCountry "RUS"]
[SourceTitle "playchess.com"]
[Source "ChessBase"]
[SourceQuality "1"]

1. e4 c5 2. Ne2 Nc6 3. d4 cxd4 4. Nxd4 e5 5. Nb5 d6 6. c4 Be7 7. N1c3 a6 8. Na3 f5 9. exf5 Bxf5 10. Bd3 Be6 11. O-O Nf6 12. Nc2 O-O 13. b3 Qd7 14. Ne3 Nd4 15. Bb2 b5 16. Ncd5 bxc4 17. bxc4 Nxd5 18. Nxd5 Bxd5 19. cxd5 Nf5 20. Qe2 a5 21. Rac1 Bf6 22. Qe4 g6 23. Rc6 Rab8 24. Ba3 Be7 25. Rfc1 Rfc8 26. Ba6 Rf8 27. Rc7 Qd8 28. h3 Nd4 29. Bd3 Rf4 30. Qe3 Qf8 31. Ba6 Bg5 32. Rc8 Rxc8 33. Rxc8 Bd8 34. Bb2 Kg7 35. Bc3 Qe7 36. Rb8 Rf7 37. Bxd4 exd4 38. Qxd4+ Qf6 39. Qxf6+ Bxf6 40. Kf1 Bd4 41. f3 Bc5 42. Bb5 Kf6 43. Re8 Rb7 44. a4 Bb4 45. Ke2 Kf7 46. Rh8 Re7+ 47. Kd3 Kg7 48. Re8 Rc7 49. Ke4 Rc2 50. g4 Kf7 51. Rh8 Kg7 52. Rb8 h6 53. Rb7+ Kf6 54. f4 Rc1 55. Be8 Re1+ 56. Kf3 Rxe8 57. h4 g5 58. fxg5+ hxg5 59. h5 Ke5 60. Rg7 Kxd5 61. Rxg5+ Kc4 62. h6 Rh8 63. Rh5 d5 64. g5 Bd2 65. Ke2 Bc1 66. Kd1 Bxg5 67. Rxg5 Rxh6 68. Rg4+ d4 69. Rg5 Kc3 70. Rxa5 Rh1+ 71. Ke2 d3+ 72. Kf2 d2 73. Rc5+ Kb4 74. Rd5 d1=Q 0-1

[Event "FIDE World Blitz-ch Women 2018"]
[Site "St. Petersburg"]
[Date "2018.12.29"]
[Round "4.18"]
[White "Danielian, Elina"]
[Black "Nakhbayeva, Guliskhan"]
[Result "1-0"]
[WhiteElo "2427"]
[BlackElo "2371"]
[Annotator "NA"]
[PlyCount "55"]
[EventDate "2018.12.19"]
[EventType "swiss"]
[EventCountry "RUS"]
[SourceTitle "playchess.com"]
[Source "ChessBase"]
[SourceQuality "1"]

1. Nf3 Nf6 2. c4 e6 3. Nc3 d5 4. e3 c5 5. d4 cxd4 6. exd4 Nc6 7. cxd5 Nxd5 8. Bd3 Be7 9. O-O O-O 10. Re1 h6 11. a3 Nf6 12. Bf4 b6 13. Qd2 Na5 14. Rad1 Bb7 15. Ne5 Nb3 16. Qe3 Nd5 17. Nxd5 Qxd5 18. Qg3 Nxd4 19. Bc4 Qc5 20. b4 Nf5 21. bxc5 Nxg3 22. c6 Bc8 23. hxg3 Bxa3 24. Nd7 Re8 25. Ra1 Bb4 26. Red1 Bxd7 27. cxd7 Red8 28. Bc7 1-0

[Event "FIDE World Blitz-ch Women 2018"]
[Site "St. Petersburg"]
[Date "2018.12.29"]
[Round "4.19"]
[White "Mammadzada, Gunay"]
[Black "Berend, Elvira"]
[Result "0-1"]
[WhiteElo "2422"]
[BlackElo "2332"]
[Annotator "NA"]
[PlyCount "78"]
[EventDate "2018.12.19"]
[EventType "swiss"]
[EventCountry "RUS"]
[SourceTitle "playchess.com"]
[Source "ChessBase"]
[SourceQuality "1"]

1. e4 c5 2. Nf3 e6 3. d4 cxd4 4. Nxd4 Nc6 5. Nc3 a6 6. Nxc6 bxc6 7. Bd3 d5 8. O-O Nf6 9. Re1 Bb7 10. e5 Nd7 11. Na4 g6 12. b3 Bg7 13. f4 O-O 14. Ba3 Re8 15. Qd2 Rc8 16. Qf2 Qa5 17. c4 c5 18. Bb2 d4 19. Qg3 Bc6 20. Re2 Bxa4 21. bxa4 Nb6 22. Rf1 Nxa4 23. Bc1 Nc3 24. Ref2 Qc7 25. h4 Qc6 26. Re1 Rb8 27. h5 Qd7 28. Ref1 a5 29. Rf3 a4 30. Qg4 Nxa2 31. hxg6 hxg6 32. f5 exf5 33. Bxf5 gxf5 34. Rxf5 Nxc1 35. Qh5 Rf8 36. Rxc1 d3 37. Rg5 Rb6 38. Rf1 d2 39. Qh4 d1=Q 0-1

[Event "FIDE World Blitz-ch Women 2018"]
[Site "St. Petersburg"]
[Date "2018.12.29"]
[Round "4.20"]
[White "Nguyen, Thi Mai Hung"]
[Black "Khademalsharieh, Sarasadat"]
[Result "0-1"]
[WhiteElo "2280"]
[BlackElo "2470"]
[Annotator "ChessBase"]
[PlyCount "132"]
[EventDate "2018.12.19"]
[EventType "swiss"]
[EventCountry "RUS"]
[SourceTitle "playchess.com"]
[Source "ChessBase"]
[SourceQuality "1"]

1. d4 Nf6 2. Nf3 d5 3. c4 e6 4. g3 a6 5. Bg2 dxc4 6. O-O Nc6 7. a4 Rb8 8. e3 Be7 9. Qc2 b5 10. Na3 Nb4 11. Qe2 O-O 12. axb5 axb5 13. b3 cxb3 14. Ne5 Bb7 15. Bxb7 Rxb7 16. Nxb5 Qe8 17. Nc3 Bd6 18. Rb1 Nbd5 19. Nxd5 Nxd5 20. Qc4 Bxe5 21. dxe5 Qb8 22. Ba3 Rd8 23. Rb2 c5 24. Rfb1 Qxe5 25. Bxc5 Rc7 26. Bd4 Qxg3+ 27. hxg3 Rxc4 28. Rxb3 h5 29. Rb8 Rxb8 30. Rxb8+ Kh7 31. Rb7 Kg6 32. Kg2 f6 33. Kf3 e5 34. Bb2 Nb4 35. Ba3 e4+ 36. Kg2 Nd3 37. Bf8 Rc2 38. Rxg7+ Kf5 39. Rh7 Rxf2+ 40. Kh3 Rf3 41. Rxh5+ Ke6 42. Bh6 Nf2+ 43. Kg2 Ng4 44. Bf4 Nxe3+ 45. Bxe3 Rxe3 46. Ra5 Rd3 47. Kf2 Rf3+ 48. Kg2 f5 49. Rb5 Kf6 50. Rb8 Ra3 51. Rb5 Kg5 52. Rb8 Ra2+ 53. Kh3 Kf6 54. Re8 Rf2 55. Rb8 Ke5 56. Re8+ Kd4 57. g4 Rf3+ 58. Kh4 Rf4 59. Kg5 Rxg4+ 60. Kxf5 Rh4 61. Rd8+ Ke3 62. Ra8 Rh5+ 63. Kg4 Rd5 64. Kg3 Ke2 65. Ra2+ Rd2 66. Ra3 Rd3+ 0-1

[Event "FIDE World Blitz-ch Women 2018"]
[Site "St. Petersburg"]
[Date "2018.12.29"]
[Round "4.21"]
[White "Abdumalik, Zhansaya"]
[Black "Sudakova, Irina"]
[Result "1-0"]
[WhiteElo "2470"]
[BlackElo "2313"]
[Annotator "ChessBase"]
[PlyCount "81"]
[EventDate "2018.12.19"]
[EventType "swiss"]
[EventCountry "RUS"]
[SourceTitle "playchess.com"]
[Source "ChessBase"]
[SourceQuality "1"]

1. e4 c5 2. Nf3 d6 3. d4 Nf6 4. Nc3 cxd4 5. Nxd4 Nc6 6. Bg5 e6 7. Qd2 a6 8. O-O-O Bd7 9. f3 Rc8 10. Kb1 Ne5 11. h4 b5 12. Bd3 h6 13. Be3 Nc4 14. Bxc4 bxc4 15. g4 Qa5 16. Nde2 Rb8 17. Qd4 Qa3 18. Bc1 Qc5 19. Qxc5 dxc5 20. Ng3 Bc6 21. g5 Nd7 22. Bf4 Rb7 23. Rdg1 hxg5 24. hxg5 Rxh1 25. Rxh1 g6 26. Rh7 Be7 27. Nf1 e5 28. Be3 Nf8 29. Rh8 Kd7 30. Nd2 Bb5 31. a4 Bc6 32. Nxc4 Ne6 33. Nxe5+ Kc7 34. Nxf7 Nd4 35. a5 Nxf3 36. Bf4+ Kd7 37. Rh3 Nd4 38. Ne5+ Kd6 39. Nxg6+ Ke6 40. Rh6 Kd7 41. Ne5+ 1-0

[Event "FIDE World Blitz-ch Women 2018"]
[Site "St. Petersburg"]
[Date "2018.12.29"]
[Round "4.22"]
[White "Haussernot, Cecile"]
[Black "Zhukova, Natalia"]
[Result "1-0"]
[WhiteElo "2196"]
[BlackElo "2377"]
[Annotator "NA"]
[PlyCount "65"]
[EventDate "2018.12.19"]
[EventType "swiss"]
[EventCountry "RUS"]
[SourceTitle "playchess.com"]
[Source "ChessBase"]
[SourceQuality "1"]

1. e4 e6 2. d4 d5 3. Nc3 Bb4 4. Nge2 dxe4 5. a3 Be7 6. Nxe4 Nf6 7. Nxf6+ Bxf6 8. g3 Bd7 9. Bg2 Bc6 10. Bxc6+ Nxc6 11. Be3 Qd5 12. Rg1 O-O-O 13. Nf4 Qa5+ 14. c3 Bxd4 15. Qd2 Bxe3 16. Qxe3 e5 17. Ne2 e4 18. Kf1 Rhe8 19. Kg2 Rd3 20. Qf4 Rf3 21. Qg4+ f5 22. Qxg7 Qb6 23. Rgf1 Qxb2 24. Qf7 Rd8 25. Nf4 Rxf4 26. gxf4 Qe2 27. Qxf5+ Kb8 28. Qh3 a6 29. Qe3 Rg8+ 30. Kh1 Qc4 31. Rg1 Rf8 32. Rad1 Re8 33. Rg7 1-0

[Event "FIDE World Blitz-ch Women 2018"]
[Site "St. Petersburg"]
[Date "2018.12.29"]
[Round "4.23"]
[White "Garifullina, Leya"]
[Black "Paehtz, Elisabeth"]
[Result "1-0"]
[WhiteElo "2132"]
[BlackElo "2487"]
[Annotator "ChessBase"]
[PlyCount "83"]
[EventDate "2018.12.19"]
[EventType "swiss"]
[EventCountry "RUS"]
[SourceTitle "playchess.com"]
[Source "ChessBase"]
[SourceQuality "1"]

1. e4 Nf6 2. e5 Nd5 3. c4 Nb6 4. d4 d6 5. exd6 cxd6 6. Nc3 g6 7. Be3 Bg7 8. Rc1 O-O 9. b3 Bf5 10. Nf3 Bg4 11. Be2 d5 12. c5 Nc8 13. h3 Bxf3 14. Bxf3 e6 15. b4 Nc6 16. b5 Na5 17. Be2 Ne7 18. O-O Nf5 19. Qd2 e5 20. Bg5 f6 21. Be3 e4 22. Bf4 g5 23. Bh2 b6 24. Bg4 Ne7 25. Be6+ Kh8 26. Qd1 f5 27. Bd6 bxc5 28. dxc5 d4 29. Nd5 Nxd5 30. Bxd5 Rc8 31. Be6 Rb8 32. Bxf8 Qxf8 33. c6 Re8 34. c7 Rc8 35. Bxc8 Qxc8 36. Qh5 d3 37. Qxg5 Nb7 38. Qxf5 Nd6 39. Qxc8+ Nxc8 40. Rc6 Be5 41. Re6 Bxc7 42. Re8+ 1-0

[Event "FIDE World Blitz-ch Women 2018"]
[Site "St. Petersburg"]
[Date "2018.12.29"]
[Round "4.24"]
[White "Girya, Olga"]
[Black "Tsatsalashvili, Keti"]
[Result "1/2-1/2"]
[WhiteElo "2454"]
[BlackElo "2303"]
[Annotator "ChessBase"]
[PlyCount "109"]
[EventDate "2018.12.19"]
[EventType "swiss"]
[EventCountry "RUS"]
[SourceTitle "playchess.com"]
[Source "ChessBase"]
[SourceQuality "1"]

1. d4 Nf6 2. Nf3 e6 3. c4 b6 4. a3 Bb7 5. Nc3 d5 6. Bg5 Be7 7. e3 c6 8. Qc2 Nbd7 9. cxd5 Nxd5 10. Bxe7 Qxe7 11. Bd3 h6 12. O-O O-O 13. Rac1 c5 14. Qe2 cxd4 15. Nxd4 Rfc8 16. Nxd5 Bxd5 17. f3 Nc5 18. Bb1 Bb7 19. b4 Nd7 20. Rfd1 a6 21. Qd3 Nf8 22. Qe2 Rxc1 23. Rxc1 Rc8 24. Rxc8 Bxc8 25. Be4 Qc7 26. Qc2 Qxc2 27. Bxc2 Bb7 28. Kf2 Nd7 29. Bb3 Kf8 30. e4 Ke7 31. Ke3 Nb8 32. Bc4 a5 33. bxa5 bxa5 34. Bb5 Kd6 35. Nb3 Bc6 36. Bc4 a4 37. Nd4 Nd7 38. f4 Nc5 39. e5+ Kc7 40. f5 Bd5 41. Bxd5 exd5 42. g4 Kd7 43. h4 g6 44. fxg6 fxg6 45. h5 gxh5 46. gxh5 Ke7 47. Nf5+ Ke6 48. Nxh6 Kxe5 49. Ng4+ Kf5 50. Nf2 Nb3 51. Nd3 Na5 52. Nb2 Kg5 53. Nxa4 Nc4+ 54. Kd4 Kxh5 55. Kxd5 1/2-1/2

[Event "FIDE World Blitz-ch Women 2018"]
[Site "St. Petersburg"]
[Date "2018.12.29"]
[Round "4.25"]
[White "Shuvalova, Polina"]
[Black "Javakhishvili, Lela"]
[Result "1-0"]
[WhiteElo "2441"]
[BlackElo "2464"]
[Annotator "ChessBase"]
[PlyCount "67"]
[EventDate "2018.12.19"]
[EventType "swiss"]
[EventCountry "RUS"]
[SourceTitle "playchess.com"]
[Source "ChessBase"]
[SourceQuality "1"]

1. e4 c5 2. Nf3 e6 3. c3 Nf6 4. e5 Nd5 5. d4 cxd4 6. cxd4 d6 7. Bc4 Be7 8. O-O Nb6 9. Bd3 Nc6 10. Nc3 dxe5 11. dxe5 Nd7 12. Qe2 Nc5 13. Bc2 O-O 14. Rd1 Bd7 15. Be3 Nb4 16. Bxc5 Bxc5 17. Ba4 Nc6 18. Ne4 Be7 19. Bxc6 bxc6 20. Rd2 Qc7 21. Rad1 Bc8 22. Nd6 a5 23. h3 Ba6 24. Qe3 Rfd8 25. Qf4 Bf8 26. Ng5 Rd7 27. Qe4 g6 28. Qh4 h6 29. Nge4 Be7 30. Nf6+ Bxf6 31. exf6 Kh7 32. Nf5 exf5 33. Rxd7 g5 34. Qh5 1-0